banner koha

Experimental precision of spatial analysis methods to evaluate the productivity of common bean families (Registro n. 332046)

MARC details
000 -LÍDER
fixed length control field 04514nab a2200301 i 4500
003 - CÓDIGO MARC DA AGÊNCIA CATALOGADORA
Campo de controle BR-BrBNA
005 - DATA E HORA DA ÚLTIMA ATUALIZAÇÃO
Campo de controle 20250612113457.0
008 - CAMPO DE TAMANHO FIXO
fixed length control field 250612b2020 bl.ar|pooa||| 00| 0 eng |
040 ## - FONTE DA CATALOGAÇÃO
Agência catalogadora BR-BrBNA
Idioma da catalogação eng
072 ## - CATEGORIA AGRIS
Código AGRIS F01
Código do objeto 1410
100 ## - ENTRADA PRINCIPAL - NOME PESSOAL
Nome pessoal Silva, Michele Jorge da
100 ## - ENTRADA PRINCIPAL - NOME PESSOAL
Nome pessoal Carneiro, Antonio Policarpo Souza
100 ## - ENTRADA PRINCIPAL - NOME PESSOAL
Nome pessoal Feres, Andréia Luiza Gonzaga
100 ## - ENTRADA PRINCIPAL - NOME PESSOAL
Nome pessoal Carneiro, José Eustáquio de Souza
100 ## - ENTRADA PRINCIPAL - NOME PESSOAL
Nome pessoal Cecon, Paulo Roberto
245 ## - TÍTULO PRINCIPAL
Título principal Experimental precision of spatial analysis methods to evaluate the productivity of common bean families
500 ## - NOTA GERAL
Nota geral <br/><br/>Publicação online; 26 ref.; Summaries (En, Pt)
942 ## - ADDED ENTRY ELEMENTS (KOHA)
Koha item type Analítica
520 ## - NOTA DE RESUMO
Nota de conteúdo <br/><br/><br/>ABSTRACT: The analysis strategies that model spatial dependence, in the form of covariance analysis, have been suggested in plant breeding, in order to exert greater local control and to increase experimental precision. This study aimed to evaluate the degree of spatial dependence of errors in productivity experiments to evaluate common bean families, to compare the experimental precision of the methods of spatial analysis, moving average and Papadakis, identify the most suitable neighboring plots for the calculation of the environmental index, besides proposing and evaluating changes in the application of these methods of spatial analysis. Data of grain yield of common bean families of the winter season 2006/2007 and drought season 2007/2008 were used. In these experiments, the number of families evaluated ranged from 25 to 400, characterizing the 5 × 5 to 20 × 20 square lattice. The moving averages and Papadakis methods, combined with the randomized block design, ensure spatial independence of the errors and presented experimental precision similar to that of the lattice analysis. For the calculation of the environmental index, the highest experimental precision was obtained from the use of two neighboring plots, one upper and one lower than the reference plot. The proposed modification in the application of the methods of spatial analysis provided greater experimental precision in relation to the lattice analysis, especially in experiments with moderate spatial dependence and using the reapplication of the Papadakis method. <br/><br/><br/>KEYWORDS: Phaseolus vulgaris L., Spatial dependence, Moving average, Papadakis
520 ## - NOTA DE RESUMO
Nota de conteúdo <br/><br/><br/>RESUMO: As estratégias de análise que modelam a dependência espacial, na forma de análise de covariância, têm sido sugeridas no melhoramento de plantas, a fim de exercer maior controle local e aumentar a precisão experimental. Este estudo teve como objetivo avaliar o grau de dependência espacial de erros em ensaios de produtividade para avaliar famílias de feijão comum; comparar a precisão experimental dos métodos de análise espacial, média móvel e Papadakis; identificar as parcelas vizinhas mais adequadas para o cálculo do índice ambiente; e propor e avaliar mudanças na aplicação desses métodos de análise espacial. Foram utilizados dados de rendimento de grãos de famílias de feijoeiro da temporada de inverno 2006/2007 e seca 2007/2008. Nesses ensaios, o número de famílias avaliadas variou de 25 a 400, caracterizando a rede quadrada de 5 × 5 a 20 × 20. As médias móveis e os métodos de Papadakis, combinados com o delineamento de blocos ao acaso, garantem independência espacial dos erros e apresentaram precisão experimental semelhante à da análise em látice. Para o cálculo do índice ambiental, a maior precisão experimental foi obtida a partir do uso de duas parcelas vizinhas, uma superior e outra inferior à parcela de referência. A modificação proposta na aplicação dos métodos de análise espacial proporcionou maior precisão experimental em relação à análise em látice, principalmente em ensaios com moderada dependência espacial e com a reaplicação do método de Papadakis. <br/><br/><br/>PALAVRAS-CHAVE: Phaseolus vulgaris L., Dependência espacial, Média móvel, Papadakis
650 ## - ASSUNTO - THESAGRO
Cabeçalho tópico ou nome geográfico FEIJÃO
650 ## - ASSUNTO - THESAGRO
Cabeçalho tópico ou nome geográfico PARCELA EXPERIMENTAL
650 ## - ASSUNTO - THESAGRO
Cabeçalho tópico ou nome geográfico PRODUTIVIDADE
650 ## - ASSUNTO - THESAGRO
Cabeçalho tópico ou nome geográfico MELHORAMENTO VEGETAL
773 0# - ENTRADA ANALÍTICA
Host Biblionumber 3551
Registro do item 345998
Imprenta Belém-PA Faculdade de Ciências Agrárias do Pará 1999
Outro identificador 2024-6647
Título Revista de Ciências Agrárias (Brazil)
ISSN 1517-591X Impresso/Versão online ISSN 2177-8760
Colação v. 63 p. 1-6: (2020)
Número de controle de registro BR2025001499
856 ## - ACESSO E ENDEREÇO ELETRÔNICO
Identificador uniforme de recurso - URI https://ajaes.ufra.edu.br/index.php/ajaes/article/view/3193/1584

Nenhum exemplar disponível.

BINAGRI

Telefone: (61)3218-2567/2388/3357/2097 - binagri@agro.gov.br

Ministério da Agricultura e Pecuária , Esplanada dos Ministérios, Bloco D, Anexo B, Brasília/DF, CEP: 70.043-900